<?xml version="1.0" encoding="UTF-8"?>
<record
    xmlns:xsi="http://www.w3.org/2001/XMLSchema-instance"
    xsi:schemaLocation="http://www.loc.gov/MARC21/slim http://www.loc.gov/standards/marcxml/schema/MARC21slim.xsd"
    xmlns="http://www.loc.gov/MARC21/slim">

  <leader>02380nam a22003137a 4500</leader>
  <controlfield tag="005">20111212113139.0</controlfield>
  <datafield tag="010" ind1=" " ind2=" ">
    <subfield code="a">B-482879-888</subfield>
  </datafield>
  <datafield tag="020" ind1=" " ind2=" ">
    <subfield code="a">9781426204036</subfield>
    <subfield code="c">1635.00</subfield>
  </datafield>
  <datafield tag="035" ind1=" " ind2=" ">
    <subfield code="a">B-482879-888</subfield>
  </datafield>
  <datafield tag="037" ind1=" " ind2=" ">
    <subfield code="a">dpl</subfield>
    <subfield code="b">Blue Berry/Ven</subfield>
  </datafield>
  <datafield tag="082" ind1=" " ind2=" ">
    <subfield code="a">598</subfield>
  </datafield>
  <datafield tag="245" ind1=" " ind2=" ">
    <subfield code="a">National Geographic Complete birds of the world /</subfield>
    <subfield code="c">edited by Tim Harris</subfield>
  </datafield>
  <datafield tag="260" ind1=" " ind2=" ">
    <subfield code="a">Washington</subfield>
    <subfield code="b">National Geographic Society</subfield>
    <subfield code="c">2011</subfield>
  </datafield>
  <datafield tag="270" ind1=" " ind2=" ">
    <subfield code="a">1145 17th street N.W.</subfield>
    <subfield code="b">Washington </subfield>
    <subfield code="e">D.C.20036-4688 U.S.A.</subfield>
  </datafield>
  <datafield tag="300" ind1=" " ind2=" ">
    <subfield code="a">384p. </subfield>
    <subfield code="b">ill</subfield>
    <subfield code="c">26cm(Hb) </subfield>
  </datafield>
  <datafield tag="700" ind1=" " ind2=" ">
    <subfield code="a">Harris,Tim</subfield>
    <subfield code="9">42218</subfield>
  </datafield>
  <datafield tag="942" ind1=" " ind2=" ">
    <subfield code="2">ddc</subfield>
    <subfield code="c">CH</subfield>
    <subfield code="m">COM</subfield>
    <subfield code="h">598</subfield>
  </datafield>
  <datafield tag="999" ind1=" " ind2=" ">
    <subfield code="c">62934</subfield>
    <subfield code="d">62934</subfield>
  </datafield>
  <datafield tag="952" ind1=" " ind2=" ">
    <subfield code="0">0</subfield>
    <subfield code="1">0</subfield>
    <subfield code="4">0</subfield>
    <subfield code="7">1</subfield>
    <subfield code="8">REF</subfield>
    <subfield code="a">L</subfield>
    <subfield code="b">L</subfield>
    <subfield code="d">2012-10-16</subfield>
    <subfield code="e">Blue Berry/IN8553/28.04.2012/43/20.03.2012/19.06.2012</subfield>
    <subfield code="g">1635.00</subfield>
    <subfield code="l">0</subfield>
    <subfield code="o">598 COM</subfield>
    <subfield code="p">B-482879</subfield>
    <subfield code="r">2012-10-16 00:00:00</subfield>
    <subfield code="t">1</subfield>
    <subfield code="v">1635.00</subfield>
    <subfield code="w">2012-10-16</subfield>
    <subfield code="y">CH</subfield>
  </datafield>
  <datafield tag="952" ind1=" " ind2=" ">
    <subfield code="0">0</subfield>
    <subfield code="1">0</subfield>
    <subfield code="4">0</subfield>
    <subfield code="7">1</subfield>
    <subfield code="8">REF</subfield>
    <subfield code="a">BL1</subfield>
    <subfield code="b">BL1</subfield>
    <subfield code="d">2012-10-16</subfield>
    <subfield code="e">Blue Berry/IN8553/28.04.2012/43/20.03.2012/19.06.2012</subfield>
    <subfield code="g">1635.00</subfield>
    <subfield code="l">0</subfield>
    <subfield code="o">598 COM</subfield>
    <subfield code="p">B-482880</subfield>
    <subfield code="r">2012-10-16 00:00:00</subfield>
    <subfield code="t">1</subfield>
    <subfield code="v">1635.00</subfield>
    <subfield code="w">2012-10-16</subfield>
    <subfield code="y">CH</subfield>
  </datafield>
  <datafield tag="952" ind1=" " ind2=" ">
    <subfield code="0">0</subfield>
    <subfield code="1">0</subfield>
    <subfield code="4">0</subfield>
    <subfield code="7">1</subfield>
    <subfield code="8">REF</subfield>
    <subfield code="a">KGM</subfield>
    <subfield code="b">KGM</subfield>
    <subfield code="d">2012-10-16</subfield>
    <subfield code="e">Blue Berry/IN8553/28.04.2012/43/20.03.2012/19.06.2012</subfield>
    <subfield code="g">1635.00</subfield>
    <subfield code="l">0</subfield>
    <subfield code="o">598 COM</subfield>
    <subfield code="p">B-482881</subfield>
    <subfield code="r">2012-10-16 00:00:00</subfield>
    <subfield code="t">1</subfield>
    <subfield code="v">1635.00</subfield>
    <subfield code="w">2012-10-16</subfield>
    <subfield code="y">CH</subfield>
  </datafield>
  <datafield tag="952" ind1=" " ind2=" ">
    <subfield code="0">0</subfield>
    <subfield code="1">0</subfield>
    <subfield code="4">0</subfield>
    <subfield code="7">1</subfield>
    <subfield code="8">REF</subfield>
    <subfield code="a">PR</subfield>
    <subfield code="b">PR</subfield>
    <subfield code="d">2012-10-16</subfield>
    <subfield code="e">Blue Berry/IN8553/28.04.2012/43/20.03.2012/19.06.2012</subfield>
    <subfield code="g">1635.00</subfield>
    <subfield code="l">0</subfield>
    <subfield code="o">598 COM</subfield>
    <subfield code="p">B-482882</subfield>
    <subfield code="r">2012-10-16 00:00:00</subfield>
    <subfield code="t">1</subfield>
    <subfield code="v">1635.00</subfield>
    <subfield code="w">2012-10-16</subfield>
    <subfield code="y">CH</subfield>
  </datafield>
  <datafield tag="952" ind1=" " ind2=" ">
    <subfield code="0">0</subfield>
    <subfield code="1">0</subfield>
    <subfield code="4">0</subfield>
    <subfield code="7">1</subfield>
    <subfield code="8">REF</subfield>
    <subfield code="a">TN</subfield>
    <subfield code="b">TN</subfield>
    <subfield code="d">2012-10-16</subfield>
    <subfield code="e">Blue Berry/IN8553/28.04.2012/43/20.03.2012/19.06.2012</subfield>
    <subfield code="g">1635.00</subfield>
    <subfield code="l">0</subfield>
    <subfield code="o">598 COM</subfield>
    <subfield code="p">B-482883</subfield>
    <subfield code="r">2012-10-16 00:00:00</subfield>
    <subfield code="t">1</subfield>
    <subfield code="v">1635.00</subfield>
    <subfield code="w">2012-10-16</subfield>
    <subfield code="y">CH</subfield>
  </datafield>
  <datafield tag="952" ind1=" " ind2=" ">
    <subfield code="0">0</subfield>
    <subfield code="1">0</subfield>
    <subfield code="4">0</subfield>
    <subfield code="7">1</subfield>
    <subfield code="8">REF</subfield>
    <subfield code="a">CJ</subfield>
    <subfield code="b">CJ</subfield>
    <subfield code="d">2012-10-16</subfield>
    <subfield code="e">Blue Berry/IN8553/28.04.2012/43/20.03.2012/19.06.2012</subfield>
    <subfield code="g">1635.00</subfield>
    <subfield code="l">0</subfield>
    <subfield code="o">598 COM</subfield>
    <subfield code="p">B-482884</subfield>
    <subfield code="r">2012-10-16 00:00:00</subfield>
    <subfield code="t">1</subfield>
    <subfield code="v">1635.00</subfield>
    <subfield code="w">2012-10-16</subfield>
    <subfield code="y">CH</subfield>
  </datafield>
  <datafield tag="952" ind1=" " ind2=" ">
    <subfield code="0">0</subfield>
    <subfield code="1">0</subfield>
    <subfield code="4">0</subfield>
    <subfield code="7">1</subfield>
    <subfield code="8">REF</subfield>
    <subfield code="a">JP</subfield>
    <subfield code="b">JP</subfield>
    <subfield code="d">2012-10-16</subfield>
    <subfield code="e">Blue Berry/IN8553/28.04.2012/43/20.03.2012/19.06.2012</subfield>
    <subfield code="g">1635.00</subfield>
    <subfield code="l">0</subfield>
    <subfield code="o">598 COM</subfield>
    <subfield code="p">B-482885</subfield>
    <subfield code="r">2012-10-16 00:00:00</subfield>
    <subfield code="t">1</subfield>
    <subfield code="v">1635.00</subfield>
    <subfield code="w">2012-10-16</subfield>
    <subfield code="y">CH</subfield>
  </datafield>
  <datafield tag="952" ind1=" " ind2=" ">
    <subfield code="0">0</subfield>
    <subfield code="1">0</subfield>
    <subfield code="4">0</subfield>
    <subfield code="7">1</subfield>
    <subfield code="8">REF</subfield>
    <subfield code="a">BN</subfield>
    <subfield code="b">BN</subfield>
    <subfield code="d">2012-10-16</subfield>
    <subfield code="e">Blue Berry/IN8553/28.04.2012/43/20.03.2012/19.06.2012</subfield>
    <subfield code="g">1635.00</subfield>
    <subfield code="l">0</subfield>
    <subfield code="o">598 COM</subfield>
    <subfield code="p">B-482886</subfield>
    <subfield code="r">2025-06-16 00:00:00</subfield>
    <subfield code="t">1</subfield>
    <subfield code="v">1635.00</subfield>
    <subfield code="w">2012-10-16</subfield>
    <subfield code="y">CH</subfield>
  </datafield>
  <datafield tag="952" ind1=" " ind2=" ">
    <subfield code="0">0</subfield>
    <subfield code="1">0</subfield>
    <subfield code="4">0</subfield>
    <subfield code="7">1</subfield>
    <subfield code="8">REF</subfield>
    <subfield code="a">NRR</subfield>
    <subfield code="b">NRR</subfield>
    <subfield code="d">2012-10-16</subfield>
    <subfield code="e">Blue Berry/IN8553/28.04.2012/43/20.03.2012/19.06.2012</subfield>
    <subfield code="g">1635.00</subfield>
    <subfield code="l">0</subfield>
    <subfield code="o">598 COM</subfield>
    <subfield code="p">B-482887</subfield>
    <subfield code="r">2012-10-16 00:00:00</subfield>
    <subfield code="t">1</subfield>
    <subfield code="v">1635.00</subfield>
    <subfield code="w">2012-10-16</subfield>
    <subfield code="y">CH</subfield>
  </datafield>
  <datafield tag="952" ind1=" " ind2=" ">
    <subfield code="0">0</subfield>
    <subfield code="1">0</subfield>
    <subfield code="4">0</subfield>
    <subfield code="7">1</subfield>
    <subfield code="8">REF</subfield>
    <subfield code="a">BL4</subfield>
    <subfield code="b">BL4</subfield>
    <subfield code="d">2012-10-16</subfield>
    <subfield code="e">Blue Berry/IN8553/28.04.2012/43/20.03.2012/19.06.2012</subfield>
    <subfield code="g">1635.00</subfield>
    <subfield code="l">0</subfield>
    <subfield code="o">598 COM</subfield>
    <subfield code="p">B-482888</subfield>
    <subfield code="r">2012-10-16 00:00:00</subfield>
    <subfield code="t">1</subfield>
    <subfield code="v">1635.00</subfield>
    <subfield code="w">2012-10-16</subfield>
    <subfield code="y">CH</subfield>
  </datafield>
</record>
